|
|
|
|
| LEADER |
00931cam a2200229 7i4500 |
| 001 |
0000084092 |
| 005 |
20241017090000.0 |
| 020 |
|
|
|a 9781003150077 (electronic book)
|
| 090 |
0 |
0 |
|a T57.9
|b .S46 2022
|
| 100 |
1 |
|
|a Sethuraman, Samyukta
|
| 245 |
1 |
0 |
|a Analysis of fork-join systems :
|b network of queues with precedence constraints
|c Samyukta Sethuraman.
|
| 264 |
|
|
|a Boca Raton:
|b CRC Press,
|c 2022.
|
| 300 |
|
|
|a 1 online resource (xix, 83 pages):
|b illustrations (black and white).
|
| 336 |
|
|
|a text
|2 rdacontent
|
| 337 |
|
|
|a computer
|2 rdamedia
|
| 338 |
|
|
|a online resource
|2 rdacarrier
|
| 650 |
|
0 |
|a Queuing networks (Data transmission)
|
| 655 |
|
0 |
|a Electronic books
|
| 856 |
4 |
2 |
|u http://library.unisel.edu.my/web/guest/mylibrary
|
| 997 |
|
|
|a Communication, Visual Art & Computing, Faculty
|b Computing, Department
|
| 998 |
|
|
|a Computer Science (Software Engineering), Degree
|
| 999 |
|
|
|a EBO0024165
|b EBOOK
|c EBOOK
|e Electronic resources
|